| 000 | 01029naa a22002897a 4500 | ||
|---|---|---|---|
| 001 | BR8903305 | ||
| 003 | BR-BrBNA | ||
| 005 | 20240918180504.0 | ||
| 007 | ta | ||
| 008 | 230509b bl.||||| |||| 00| 0 por d | ||
| 040 |
_aBR-BrBNA _bpor _cBiblioteca Nacional de Agricultura |
||
| 041 | _a(Pt) | ||
| 072 |
_aF30; H20 _b0150 _b4120 |
||
| 090 | _aF30 BR8903305 | ||
| 100 | 1 | _aPrabhu, A.S. | |
| 111 | 1 |
_a17. Reuniao da Cultura do Arroz Irrigado _cPelotas, RS (Brazil) _d26-30 Sep 1988 |
|
| 245 | 1 | _aAvaliacao de genotipos de arroz para resistencia relativa a mancha parda | |
| 260 | 3 |
_aPelotas, RS (Brasil): _c1988. |
|
| 500 | _a17. Reuniao da Cultura do Arroz Irrigado. Anais Pelotas, RS (Brasil): 1988. p. 258-264 (BR8903305-AM)F30 | ||
| 650 | _aARROZ | ||
| 650 | _aVARIEDADE RESISTENTE | ||
| 650 | _aMANCHA PARDA | ||
| 650 | _aFUNGO | ||
| 773 | 0 |
_t17. Reuniao da Cultura do Arroz Irrigado. Anais _wF30 BR8903305 _gPelotas, RS (Brasil), 1988. p. 258-264 |
|
| 909 |
_a202404 _bLucia _c55 _dLucia Elande |
||
| 942 |
_cAM _2AGRIS |
||
| 999 |
_c320635 _d320635 |
||